00897nam a2200181 a 450000100100000000500170001000800410002702000180006804000250008610000470011124501330015826000550029130000230034695201120036995201060048195201110058799900170069800003785420240314193807.0130307s2012 dr 000 0 spa d a9789945883244 aDO-SdBNPbspacBNPHU1 aMoscoso Segarra, Alejandro Ad1964-96224110a15 años de jurisprudencia sobre violencia hacia la mujer 1997-2012 /cAlejandro A. Moscoso Segarra, Suprema Corte de Justicia. aSanto Domingo :bSuprema Corte de Justicia,c2012. a286 p. : ;c23 cm. 00107-18DSaGRbGRcOId2013-03-07iLF1l0o p37854-30r2020-06-25te. 3w2020-06-25yLFDSZNo se presta 00107-18PDaPDbPDcOId2013-03-07iLF1l0o p37854-10r2020-06-25w2020-06-25yLFPDZNo se presta 0010728PDaPDbPDcOId2013-03-07iLF1l0o p37854-20r2020-06-25te. 2w2020-06-25yLFPDZNo se presta c37344d37344